90 secs World Capitals: by Capital City directly North - Statistics

General Stats
  • This quiz has been taken 452 times
  • The average score is 149 of 196
Answer Stats
Capital City % Correct
Abuja
98%
Antananarivo
98%
Brazzaville
98%
Bujumbura
98%
Dodoma
98%
Gaborone
98%
Harare
98%
Juba
98%
Kampala
98%
Kigali
98%
Kinshasa
98%
Libreville
98%
Lilongwe
98%
Luanda
98%
Lusaka
98%
Malabo
98%
Maputo
98%
Maseru
98%
Mbabane
98%
Moroni
98%
Nairobi
98%
Port Louis
98%
Porto-Novo
98%
Pretoria
98%
Sao Tome
98%
Windhoek
98%
Yaounde
98%
Accra
97%
Addis Ababa
97%
Bamako
97%
Bangui
97%
Freetown
97%
Lome
97%
Monrovia
97%
N'Djamena
97%
Niamey
97%
Ouagadougou
97%
Yamoussoukro
97%
Algiers
96%
Asmara
96%
Conakry
96%
Khartoum
96%
Mogadishu
96%
Tripoli
96%
Tunis
96%
Banjul
95%
Bissau
95%
Buenos Aires
95%
Santiago
95%
Victoria
95%
Asuncion
94%
Athens
94%
Cairo
94%
Dakar
94%
Djibouti
94%
Lima
94%
Montevideo
94%
Nouakchott
94%
Rabat
94%
Sana'a
94%
Valletta
94%
Brasilia
93%
Madrid
93%
Sucre
93%
Canberra
91%
Rome
91%
Andorra la Vella
90%
Bogota
90%
Male
90%
Manama
90%
Quito
90%
Abu Dhabi
89%
Amman
89%
Beirut
89%
Damascus
89%
Doha
89%
Jerusalem
89%
Nicosia
89%
Riyadh
89%
Ankara
88%
Kuwait City
88%
Panama
88%
Wellington
88%
Dili
87%
Jakarta
87%
Port-of-Spain
87%
Saint George's
87%
San Jose
87%
Vatican City
87%
Caracas
86%
Castries
86%
Georgetown
86%
Havana
86%
Kingstown
86%
Managua
86%
Muscat
86%
Praia
86%
Tegucigalpa
86%
Tirana
85%
Kingston
84%
Podgorica
84%
Sarajevo
84%
Skopje
84%
Zagreb
84%
Baghdad
83%
Kuala Lumpur
83%
Melekeok
83%
Port-au-Prince
83%
Pristina
83%
San Salvador
83%
Singapore
83%
Belmopan
82%
Guatemala City
82%
Monaco
82%
Nassau
82%
Santo Domingo
82%
Tehran
82%
Washington
82%
San Marino
81%
Ljubljana
80%
Vienna
80%
Baku
79%
Yerevan
79%
Bratislava
78%
Manila
78%
Vaduz
78%
Bandar Seri Begawan
76%
Port Moresby
75%
Prague
75%
Tbilisi
75%
Belgrade
74%
Berlin
74%
Moscow
74%
Paris
74%
Port-Vila
74%
Bern
73%
Budapest
73%
Sofia
73%
Taipei
73%
Colombo
72%
Bangkok
71%
Lisbon
71%
Honiara
70%
Bridgetown
68%
Paramaribo
67%
Phnom Penh
67%
Roseau
67%
Bucharest
66%
Hanoi
66%
Brussels
64%
Tokyo
64%
Vientiane
63%
Luxembourg
61%
New Delhi
61%
Saint John's
61%
Amsterdam
60%
Basseterre
60%
Chisinau
60%
Ottawa
59%
Warsaw
57%
Copenhagen
56%
Beijing
53%
Oslo
52%
Kiev
49%
London
48%
Kabul
47%
Dhaka
46%
Vilnius
45%
Mexico City
43%
Riga
43%
Islamabad
42%
Minsk
41%
Tallinn
37%
Bishkek
35%
Kathmandu
35%
Dushanbe
33%
Nuku'alofa
33%
Helsinki
32%
Reykjavik
32%
Tashkent
31%
Suva
30%
Stockholm
29%
Astana
27%
Seoul
27%
Nay Pyi Taw
24%
Dublin
23%
Apia
22%
Ulaanbaatar
22%
Funafuti
19%
Pyongyang
17%
Tarawa
15%
Ashgabat
13%
Yaren
13%
Majuro
9%
Palikir
9%
Thimphu
5%
No matching quizzes found
Score Distribution
Percent of People with Each Score
Percentile by Number Answered
Your Score History
You have not taken this quiz